|
|
|
|
| LEADER |
02513nam a2200469 a 4500 |
| 001 |
mzk03001175460 |
| 003 |
CZ BrMZK |
| 005 |
20140127082656.0 |
| 007 |
ta |
| 008 |
081125s1793 xr ||||fr|||||000|||lat|d |
| 040 |
|
|
|a BOA001
|b cze
|d BOE950
|
| 072 |
|
7 |
|a 094
|x Staré tisky
|2 Konspekt
|9 12
|
| 072 |
|
7 |
|a 27-9
|x Dějiny křesťanské církve
|2 Konspekt
|9 5
|
| 080 |
|
|
|a 025.171
|2 MRF
|
| 080 |
|
|
|a 27-9
|2 MRF
|
| 080 |
|
|
|a (0.068)094
|2 MRF
|
| 100 |
1 |
|
|a Schmalfus, Cosmas,
|d 1730-1811
|7 pna2009495528
|4 aut
|
| 245 |
1 |
0 |
|a Historia religionis et ecclesiae Christianae.
|n Tomus V., periodus IV.,
|p Defectione Martini Lutheri, seu ab Anno MDXX usque ad Annum MDCCXCII.
|n Pars I.,
|p De statu politico Christiani orbis.
|n Pars II.,
|p De rebus ad coetum romano - catholicum pertinentibus /
|c studio P. Cosmae Schmalfus, ord.eremit.s.augustini, in Universitate Pragensi sacrae theologiae doctoris, et senioris, quondam professoris caesareo-regii, publici et ordinarii
|
| 246 |
3 |
0 |
|a Defectione Martini Lutheri, seu ab Anno MDXX usque ad Annum MDCCXCIICarolo M. Imperatore seu ab An. DCCC. usque ad defectionem Martini Lutheri seu ad An. MDXXConstantino M. Imperatore usque ad Carolum M. seu ab An. CCCXII usque add An. DCCC
|
| 246 |
3 |
0 |
|a De statu politico Christiani orbis
|
| 246 |
3 |
0 |
|a De rebus ad coetum romano - catholicum pertinentibus
|
| 260 |
|
|
|a Vetero-Pragae :
|b Typis Scholae Normalis,
|c 1793
|
| 300 |
|
|
|a 479, [1] s. ;
|c 8°
|
| 561 |
|
|
|a Provenience: [alianční znakové exlibris Rajhradského kláštera] Monasterii Rayhradensis Ord. S. Benedicti
|
| 561 |
|
|
|a Provenience: Exlibris se studujícím mnichem
|
| 561 |
|
|
|a Provenience: [m.p.] N. 5248
|
| 563 |
|
|
|a Kožená vazba se zlaceným hřbetem, rajhradské alianční znakové supralibros na přední desce, červená ořízka
|
| 650 |
0 |
7 |
|a historické knihovní fondy
|7 ph172933
|2 czenas
|
| 650 |
|
7 |
|a církevní dějiny
|7 ph114283
|2 czenas
|
| 655 |
|
7 |
|a staré tisky
|7 fd422076
|2 czenas
|
| 700 |
0 |
|
|a Konstantin Veliký
|b I.,
|c římský císař,
|d 274-337
|7 jn20000700941
|4 hnr
|
| 700 |
1 |
|
|a Luther, Martin,
|d 1483-1546
|7 jn19990005235
|4 hnr
|
| 856 |
4 |
1 |
|u https://imageserver.mzk.cz/mzk03/001/175/460/328100200047.titul.jp2
|y Titulní list
|
| 903 |
|
|
|a RP
|
| 910 |
|
|
|e BOE950
|c R - L. I. a. 46
|
| 978 |
|
|
|b Tiskárna normální školy
|a Praha
|c 1793
|
| 984 |
|
|
|a Praha
|b Česko
|
| 985 |
|
|
|a 1751-1800
|
| 990 |
|
|
|a BK
|
| 996 |
|
|
|e BOE950
|c R - L. I. a. 46
|
| 991 |
|
|
|k rajhrad
|
| 980 |
|
|
|c 200047
|g R - L. I. a. 46
|d 20081125
|t 5
|j ?
|1 328100200047
|n J
|z KR
|v V
|